| 000 | 00393nam a2200133Ia 4500 | ||
|---|---|---|---|
| 008 | 220217s9999||||xx |||||||||||||| ||und|| | ||
| 020 | _a9788190675789 | ||
| 082 | _a658.421 | ||
| 100 | _aNaidu, N.V.R and Rao, Krishna, T. | ||
| 245 | 0 | _aManagement and entrepreneurship | |
| 260 |
_aIK international _bNew Delhi _c2012 |
||
| 300 |
_aXVI, 276p. _b165 |
||
| 650 | _aENTREPRENEURIAL MANAGEMENT | ||
| 999 |
_c183595 _d183595 |
||